Zu einigen Merkmalen der deutschen religiösen Sprache
Náboženský jazyk vždy predstavuje osobitný komunikačný register, ktorý sa vyznačuje špecifickou kombináciou teologických, kultúrnych a jazykových prvkov. Na pragmatickej úrovni prispieva náboženský jazyk k formovaniu a rozvoju identity, komunity a hodnôt. Zároveň však predstavuje napätie medzi posvä...
Enregistré dans:
| Auteur principal: | |
|---|---|
| Format: | Chapitre de livre |
| Langue: | allemand |
| Sujets: | |
| Tags: |
Pas de tags, Soyez le premier à ajouter un tag!
|
MARC
| LEADER | 00000naa$a2200000$$$4500 | ||
|---|---|---|---|
| 001 | 0314326 | ||
| 005 | 20260127111126.6 | ||
| 041 | 0 | |a ger | |
| 044 | |a SK | ||
| 245 | 1 | 0 | |a Zu einigen Merkmalen der deutschen religiösen Sprache |c Jana Kucharová |
| 520 | |a Náboženský jazyk vždy predstavuje osobitný komunikačný register, ktorý sa vyznačuje špecifickou kombináciou teologických, kultúrnych a jazykových prvkov. Na pragmatickej úrovni prispieva náboženský jazyk k formovaniu a rozvoju identity, komunity a hodnôt. Zároveň však predstavuje napätie medzi posvätnosťou a bežným jazykom. Cieľom príspevku je identifikovať kľúčové charakteristiky tejto jazykovej variety, analyzovať jej funkcie v náboženskom diskurze a identifikovať jej vplyv na výučbu predmetov v nemeckom jazyku. | ||
| 610 | 2 | 0 | |a jazykoveda |
| 610 | 2 | 0 | |a filológia |
| 610 | 2 | 0 | |a nemčina |
| 610 | 2 | 0 | |a náboženstvo |
| 610 | 2 | 0 | |a jazyk odborný |
| 610 | 2 | 0 | |a jazyky cudzie |
| 610 | 2 | 0 | |a vyučovanie |
| 610 | 2 | 0 | |a vzdelávanie |
| 100 | 1 | |a Kucharová, Jana, 1981- | |